00518nam a2200181 a 45000010010000000030011000100080041000210350026000620820014000881000024001022450023001262600037001496500014001869420012002009520089002129980020003019990015003210000-8645ELIB.Books110520 1939  a(ELIB.Books)0000-8791 a234 bLew aLewis, F. Warburton aThe Work of Christ bLondon: The Epworth Press c1939 aSalvation 2ddccBK 00102ddc4070aKBTSbKBTSd2011-05-20l0p266r2022-01-22 00:00:00w2022-01-22yBK cbate2011-05-20 c8645d8645